First aid manual for chemical accidents : for use with nonpharmaceutical chemicals /

Guardado en:
Otros Autores: Lefèvre, M. J. (Compilador, comp.), Becker, Ernest I., 1918-
Formato: Libro
Idioma:English
French
Publicado: New York : Van Nostrand Reinhold Co., c1980.
Edición:English-language ed. /
Materias:
Etiquetas: Agregar Etiqueta
Sin Etiquetas, Sea el primero en etiquetar este registro!
LEADER 01124cam a22003015a 4500
001 EIQ.libpla001824
008 800528s1980####pau###########001#0#eng#d
005 20070214153652.0
245 0 0 |a First aid manual for chemical accidents :  |b for use with nonpharmaceutical chemicals /  |c compiled by Marc J. Lefèvre. 
250 |a English-language ed. /  |b edited by Ernest I. Becker. 
260 |a New York :  |b Van Nostrand Reinhold Co.,  |c c1980. 
300 |a ix, 218 p. ;  |c 24 cm. 
500 |a Traducción de: Manuel de premiers soins d'urgence. 
500 |a Incluye índice. 
020 |a 0879333367 
700 1 |a Lefèvre, M. J.  |q (Marc J.),  |e comp.  |4 com 
700 1 |a Becker, Ernest I.,  |d 1918- 
082 0 0 |a 615.9/08 
650 0 |a First aid in illness and injury. 
650 0 |a Industrial accidents. 
650 0 |a Industrial toxicology. 
650 2 |a Accidents, Occupational  |x Prevention and control  |x Handbooks. 
650 2 |a First aid  |x Handbooks. 
650 2 |a Toxicology  |x Handbooks. 
010 |a  80017518  
040 |a DLC  |c DLC  |d AR-BbSID 
041 1 |a eng  |h fre 
859 |a AR-BbSID  |b BIB. PLAPIQUI  |h 660.280 4  |i F 519  |k R  |p 3498